We are all guilty here / Karin Slaughter.
Available copies
- 4 of 10 copies available at LARL/NWRL Consortium. (Show)
- 3 of 3 copies available at Northwest Regional Library.
Current holds
0 current holds with 10 total copies.
View other formats and editions
Show All Copies
| Location | Call Number / Copy Notes | Barcode | Shelving Location | Status | Due Date |
|---|---|---|---|---|---|
| Godel Memorial-Warren Library | SLA (Text) | 35500006880320 | Main | Available | - |
| Godel Memorial-Warren Library | SLA (Text) | 35500006880411 | Main | Available | - |
| Hallock Public Library | SLA (Text) | 35500006891343 | Main | Available | - |
Record details
- ISBN: 9780063336773
- ISBN: 0063336774
- Physical Description: 448 p.
- Edition: First edition.
- Publisher: New York, NY : William Morrow, an imprint of HarperCollins Publishers, 2025.
Content descriptions
| Summary, etc.: | "The first thrilling mystery in the new North ... Read More |
Search for related items by subject
| Subject: | Policewomen > Fiction. Sheriffs > Fiction. Cities and towns > Georgia > Fiction. Secrecy > Fiction. Missing persons > Investigation > Fiction. Murder > Investigation > Fiction. Teenage girls > Crimes against > Fiction. Georgia > Fiction. Thriller. |
Search for related items by series
| LDR | 04250cam a22008058i 4500 | ||
|---|---|---|---|
| 001 | 457403 | ||
| 003 | LARL_NWRL_CONSORTIUM | ||
| 005 | 20250804152127.0 | ||
| 008 | 250514s2025 nyu 000 1 eng | ||
| 007 | t| | ||
| 010 | . | ‡a 2025016796 | |
| 040 | . | ‡aDLC ‡beng ‡erda ‡cDLC ‡dIG# ‡dTOH ‡dOCLCO ‡dVRP ‡dOCLCO ‡dLINCC | |
| 020 | . | ‡a9780063336773 ‡qhardcover | |
| 020 | . | ‡a0063336774 | |
| 020 | . | ‡z9780063336803 ‡qebook | |
| 035 | . | ‡a(OCoLC)1503860999 | |
| 042 | . | ‡apcc | |
| 082 | 0 | 0. | ‡a813/.54 ‡223/eng/20250514 |
| 100 | 1 | . | ‡aSlaughter, Karin, ‡d1971- ‡1https://id.oclc.org/worldcat/entity/E39PBJbCG9y3CR8YJ3PfCCR3Qq ‡0(LARL_NWRL_CONSORTIUM)44006 |
| 245 | 1 | 0. | ‡aWe are all guilty here / ‡cKarin Slaughter. |
| 250 | . | ‡aFirst edition. | |
| 264 | 1. | ‡aNew York, NY : ‡bWilliam Morrow, an imprint of HarperCollins Publishers, ‡c2025. | |
| 300 | . | ‡a448 p. | |
| 334 | . | ‡asingle unit ‡bmono ‡0http://id.loc.gov/vocabulary/issuance/mono | |
| 336 | . | ‡atext ‡btxt ‡2rdacontent ‡0http://id.loc.gov/vocabulary/contentTypes/txt | |
| 337 | . | ‡aunmediated ‡bn ‡2rdamedia ‡0http://id.loc.gov/vocabulary/mediaTypes/n | |
| 338 | . | ‡avolume ‡bnc ‡2rdacarrier ‡0http://id.loc.gov/vocabulary/carriers/nc | |
| 490 | 0 | . | ‡aNorth Falls ; ‡v1 |
| 520 | . | ‡a"The first thrilling mystery in the new North Falls series from Karin Slaughter, New York Times bestselling author of Pretty Girls and the Will Trent Series. Welcome to North Falls-a small town where everyone knows everyone. Or so they think. Until the night of the fireworks. When two teenage girls vanish, and the town ignites. For Officer Emmy Clifton, it's personal. She turned away when her best friend's daughter needed help-and now she must bring her home. But as Emmy combs through the puzzle the girls left behind, she realizes she never really knew them. Nobody did. Every teenage girl has secrets. But who would kill for them? And what else is the town hiding?"-- Provided by publisher. | |
| 650 | 0. | ‡aPolicewomen ‡vFiction. ‡0(LARL_NWRL_CONSORTIUM)166589 | |
| 650 | 0. | ‡aSheriffs ‡vFiction. ‡0(LARL_NWRL_CONSORTIUM)167204 | |
| 650 | 0. | ‡aCities and towns ‡zGeorgia ‡vFiction. | |
| 650 | 0. | ‡aSecrecy ‡vFiction. ‡0(LARL_NWRL_CONSORTIUM)167261 | |
| 650 | 0. | ‡aMissing persons ‡xInvestigation ‡vFiction. ‡0(LARL_NWRL_CONSORTIUM)173417 | |
| 650 | 0. | ‡aMurder ‡xInvestigation ‡vFiction. ‡0(LARL_NWRL_CONSORTIUM)166203 | |
| 650 | 0. | ‡aTeenage girls ‡xCrimes against ‡vFiction. ‡0(LARL_NWRL_CONSORTIUM)175443 | |
| 651 | 0. | ‡aGeorgia ‡vFiction. ‡0(LARL_NWRL_CONSORTIUM)165404 | |
| 650 | 7. | ‡aThriller. ‡2ukslc | |
| 655 | 7. | ‡aThriller / suspense. ‡2bicssc | |
| 655 | 7. | ‡aCrime & mystery. ‡2bicssc | |
| 655 | 7. | ‡aModern & contemporary fiction (post c 1945). ‡2bicssc | |
| 655 | 7. | ‡aFiction: special features. ‡2bicssc | |
| 655 | 7. | ‡aSuspense fiction. ‡2gsafd | |
| 655 | 7. | ‡aDetective and mystery fiction. ‡2lcgft | |
| 655 | 7. | ‡aNovels. ‡2lcgft | |
| 655 | 7. | ‡aPsychological thriller. ‡2thema | |
| 655 | 7. | ‡aCrime and mystery: women sleuths / detectives. ‡2thema | |
| 655 | 7. | ‡aCrime and mystery: police procedural. ‡2thema | |
| 655 | 7. | ‡aThriller: serial killers. ‡2thema | |
| 655 | 7. | ‡aContemporary lifestyle fiction. ‡2thema | |
| 655 | 7. | ‡aModern and contemporary fiction: literary and general. ‡2thema | |
| 655 | 7. | ‡aNarrative theme: death, grief, loss. ‡2thema | |
| 758 | . | ‡1http://id.loc.gov/resources/instances/24203780 | |
| 758 | . | ‡4http://id.loc.gov/ontologies/bibframe/instanceOf ‡1http://id.loc.gov/resources/works/24203780 | |
| 776 | 0 | 8. | ‡iOnline version ‡4http://id.loc.gov/entities/relationships/onlineversion ‡tWe are all guilty here ‡bFirst edition ‡dNew York, NY : William Morrow, an imprint of HarperCollins Publishers, 2025 ‡z9780063336803 ‡w(DLC) 2025016797 |
| 884 | . | ‡aDLC bibframe2marc v2.10-dev ‡g20250514 ‡qDLC ‡uhttps://github.com/lcnetdev/bibframe2marc/releases/tag/v2.10-dev | |
| 901 | . | ‡a457403 ‡bOCoLC ‡c457403 ‡tbiblio ‡soclc | |

Add to basket
Permalink
Disable Highlighting